书目信息 |
| 题名: |
建筑业国际通用管理标准 2
|
|
| 作者: | 南兆旭 , 藤宝红 | |
| 分册: | ||
| 出版信息: | 北京 中国标准出版社 2002.05 |
|
| 页数: | 1014页(全书共五册) | |
| 开本: | 24cm | |
| 丛书名: | 国际通用管理标准全景传播 | |
| 单 册: | ||
| 中图分类: | F407.963-65 | |
| 科图分类: | ||
| 主题词: | 工业经济--经济理论 | |
| 电子资源: | ||
| ISBN: | 7-5066-2781-7 | |
| 000 | 00975nam0 2200253 45 | |
| 001 | 0252803982 | |
| 005 | 2002123014400377 | |
| 010 | @a7-5066-2781-7@dRMB 256.00 | |
| 100 | @a20021230d2002 km y0chiy0120 ea | |
| 101 | 0 | @achi |
| 102 | @aCN@b110000 | |
| 200 | 1 | @a建筑业国际通用管理标准 2@Ajian zhu ye guo ji tong yong guan li biao zhun 2@d=Architecture International General Management Standard@eISO9001:2000质量认证体系@f南兆旭,藤宝红@Fnan zhao xu,teng bao hong |
| 210 | @a北京@c中国标准出版社@d2002.05 | |
| 215 | @a1014页(全书共五册)@d24cm | |
| 225 | 2 | @a国际通用管理标准全景传播 |
| 410 | 0 | @12001 @a国际通用管理标准全景传播 |
| 510 | @a=Architecture International General Management Standard | |
| 517 | @aISO9001:2000质量认证体系@AISO9001:2000 zhi liang ren zheng ti xi | |
| 606 | 0 | @a工业经济@x经济理论 |
| 690 | @aF407.963-65@v3 | |
| 701 | 0 | @a南兆旭@Anan zhao xu |
| 701 | 0 | @a藤宝红@Ateng bao hong |
| 801 | 0 | @aCN@bPFT@c20021230 |
| 905 | @dF407.963-65@eN270:2 | |
| 建筑业国际通用管理标准 2=Architecture International General Management Standard:ISO9001:2000质量认证体系/南兆旭,藤宝红.-北京:中国标准出版社,2002.05 |
| 1014页(全书共五册);24cm.-(国际通用管理标准全景传播) |
| ←并列题名:=Architecture International General Management Standard |
| ISBN 7-5066-2781-7:RMB 256.00 |
| ● |
| 相关链接 |
|
|
|
正题名:建筑业国际通用管理标准 2
索取号:F407.963-65/N270:2
 
预约/预借
| 序号 | 登录号 | 条形码 | 馆藏地/架位号 | 状态 | 备注 |
| 1 | 363814 | 203638144 | 社科库409/409社科库 35排2列5层/ [索取号:F407.963-65/N270:2] | 在馆 |